000 00529nam a2200169 4500
001 144623
003 ES-MaACL
005 20230906201048.0
007 t|
008 070214s1966 sp r ||||1| spa d
100 1 _aSmith, Bradley.
_9106853
245 1 0 _aEspaña
_b: Historia y Arte /
_cpor Bradley Smith ; [traductor Juan Gómez Casas].
260 _aMadrid :
_bAguilar,
_c1966 (
_fGaez)
300 _a296 p., 22 lám. col. :
_bil. ;
_c32 cm.
700 1 _aGómez Casas, Juan.
_957863
852 _aES-MaACL
_jC-29038
_bR.61672
999 _c144623
_d144623